Fluid mechanics, hydraulic and hydraulic machines (Record no. 3144)

000 -LEADER
fixed length control field 00499nam a22001937a 4500
001 - CONTROL NUMBER
control field 3144
003 - CONTROL NUMBER IDENTIFIER
control field BD-DhUET
008 - FIXED-LENGTH DATA ELEMENTS--GENERAL INFORMATION
fixed length control field 141021b xxu||||| |||| 00| 0 eng d
040 ## - CATALOGING SOURCE
Transcribing agency 0
Modifying agency BD-DhUET
082 ## - DEWEY DECIMAL CLASSIFICATION NUMBER
Classification number 621.2
Item number ARO/1982
100 ## - MAIN ENTRY--PERSONAL NAME
Personal name Arora K R
245 ## - TITLE STATEMENT
Title Fluid mechanics, hydraulic and hydraulic machines
250 ## - EDITION STATEMENT
Edition statement 4th ed.
260 ## - PUBLICATION, DISTRIBUTION, ETC. (IMPRINT)
Place of publication, distribution, etc. Delhi
Name of publisher, distributor, etc. Standard Book House
Date of publication, distribution, etc. 1982
300 ## - PHYSICAL DESCRIPTION
Extent xxiv, 1337 p.
Other physical details ill.
504 ## - BIBLIOGRAPHY, ETC. NOTE
Bibliography, etc Includes bibliographies
650 #0 - SUBJECT ADDED ENTRY--TOPICAL TERM
Topical term or geographic name as entry element Fluid mechanics
942 ## - ADDED ENTRY ELEMENTS (KOHA)
Koha item type General Book
Holdings
Koha issues (times borrowed) Koha item type Koha out on loan Withdrawn status Price effective from Date acquired Source of classification or shelving scheme Copy number Koha full call number Koha date last borrowed Damaged status Shelving location Lost status Location (home branch) Sublocation or collection (holding branch) Not for loan Koha normalized classification for sorting Piece designation (barcode) Koha date last seen
3General Book  2014-10-212014-10-21 2621.2/ARO/19822024-02-12 Circulation section Central Library, BUETCentral Library, BUET 621_000000000000000_2ARO1982586842024-09-01
5General Book  2014-10-222014-10-22 1621.2/ARO/19822022-08-27 Circulation section Central Library, BUETCentral Library, BUET 621_000000000000000_2ARO1982573122023-01-11
3General Book  2014-11-162014-11-16 3621.2/ARO/19822025-08-12 Circulation section Central Library, BUETCentral Library, BUET 621_000000000000000_2ARO1982586852025-08-23
1General Book  2014-12-082014-12-08 4621.2/ARO/19822014-12-08 Circulation section Central Library, BUETCentral Library, BUET 621_000000000000000_2ARO1982586722014-12-21
1General Book  2014-12-092014-12-09 5621.2/ARO/19822014-12-09 Circulation section Central Library, BUETCentral Library, BUET 621_200000000000000_ARO_1982586772014-12-15
 Reading Item  2015-06-162015-06-16 6621.2/ARO/1982  Reading section Central Library, BUETCentral Library, BUET 621_200000000000000_ARO_1982586902015-06-16
 Reading Item  2015-06-162015-06-16 7621.2/ARO/1982  Reading section Central Library, BUETCentral Library, BUET 621_200000000000000_ARO_1982586872015-06-16
 General Book  2015-06-162015-06-16 8621.2/ARO/1982  Reading section Central Library, BUETCentral Library, BUET 621_200000000000000_ARO_1982586862015-06-16
 Reading Item  2015-06-302015-06-30 9621.2/ARO/1982  Reading section Central Library, BUETCentral Library, BUET 621_200000000000000_ARO_1982586892015-06-30
 Reading Item  2015-06-302015-06-30 10621.2/ARO/1982  Reading section Central Library, BUETCentral Library, BUET 621_200000000000000_ARO_1982586882015-06-30
2General Book2025-09-06 2021-04-041984-08-05 1621.2/ARO/19822025-08-23 Circulation section Central Library, BUETCentral Library, BUET 621_200000000000000_ARO_1982586802025-08-23